La demanda de dinero (Record no. 88204)

MARC details
000 -LEADER
campo de control de longitud fija 00567nam a2200181 i 4500
001 - NÚMERO DE CONTROL
campo de control 88204
003 - IDENTIFICADOR DE NÚMERO DE CONTROL
campo de control ES-MaACL
005 - FECHA Y HORA DE LA ÚLTIMA TRANSACCIÓN
campo de control 20230906175823.0
007 - CAMPO FIJO DE DESCRIPCIÓN FÍSICA--INFORMACIÓN GENERAL
campo de control de longitud fija t|
008 - DATOS DE LONGITUD FIJA--INFORMACIÓN GENERAL
campo de control de longitud fija 050103s1972 sp ||||1| spa d
100 1# - ENTRADA PRINCIPAL--NOMBRE DE PERSONA
Nombre de persona Laidler, David E. W.
9 (RLIN) 69663
245 13 - MENCIÓN DEL TÍTULO
Título La demanda de dinero
Resto del título : teorías y evidencia /
Mención de responsabilidad, etc. David E.W. Laidler ; [traducción de Elena Blanchar, Luis Fina].
260 ## - PUBLICACIÓN, DISTRIBUCIÓN, ETC.
Lugar de publicación, distribución, etc. Barcelona :
Nombre del editor, distribuidor, etc. Bosch,
Fecha de publicación, distribución, etc. [1972]
300 ## - DESCRIPCIÓN FÍSICA
Extensión 159 p. ;
Dimensiones 22 cm.
700 1# - ENTRADA AGREGADA--NOMBRE PERSONAL
Nombre de persona Blanchar, Elena.
9 (RLIN) 29138
700 1# - ENTRADA AGREGADA--NOMBRE PERSONAL
Nombre de persona Fina, Lluís.
9 (RLIN) 50864
852 ## - LOCALIZACIÓN
Ubicación ES-MaACL
Número de control de estantería C-45739
Sublocalización o colección R.83595
Holdings
Estatus retirado Estado de pérdida Estado de daño No para préstamo Biblioteca de origen Biblioteca actual Ubicación en estantería Fecha de adquisición Fuente de adquisición Total de préstamos Signatura topográfica completa Código de barras Visto por última vez Precio de reemplazo Tipo de ítem Koha
        Biblioteca del Ateneo de Madrid Biblioteca del Ateneo de Madrid Depósito 2 17/01/2008     C-45739 1092139 23/02/2023 23/02/2023 Libro impreso